Chanteur et acteur français : Michel Sardou - Statistiques

Statistiques générales
  • Ce quiz a été pris 69 fois
  • Le résultat moyen est 11 sur 20
Statistiques - réponses
Questions Réponses % Correct
Ce qui court et chante dans le cœur des enfants de 7 à 77 ans. La maladie d'amour
100%
Paquebot qui avait été désarmé par le Président Giscard d'Estaing et restait amarré au "Quai de l'oubli" dans le port du Havre au moment où Michel Sardou le chantait. Le France
98%
Pays où est situé la région très rurale du Connemara que chante Michel Sardou. L'Irlande
92%
Prénom de la mère de Michel Sardou, également actrice. Jackie
83%
Ville du "pays breton" où est né le précédent et où Michel Sardou voulait plutôt le voir couler que de finir en hôtel de luxe sur un quai de Californie. Saint-Nazaire
75%
"Vieille anglaise" dont l'exemple n'est pas à imiter, "échouée si loin de ses falaises sur un quai de Californie". Le Queen Mary
73%
Prénom du père de Michel Sardou, acteur qui incarna notamment Le Curé de Cucugnan dans l'adaptation par Marcel Pagnol des "Lettres de Mon Moulin" en 1954. Fernand
63%
Capitales d'Afrique de l'Ouest citées par Michel Sardou dans la chanson "Le Temps des colonies". Bamako
53%
Fruit qui saoule toujours d'après les paroles de la chanson "La même eau qui coule" interprétée par Michel Sardou. Le raisin
53%
Capitales d'Afrique de l'Ouest citées par Michel Sardou dans la chanson "Le Temps des colonies". Dakar
51%
Loi souvent symbolisée par l’expression « Œil pour œil, dent pour dent », loi que prétend illustrer Michel Sardou dans la chanson "Je suis pour". La loi du talion
49%
Dialoguiste de cinéma notamment des films "Ne nous fâchons pas" ou "Les Tontons flingueurs" à qui Michel Sardou rend hommage dans l'une des chansons de son album "Le Bac G" sorti en 1992. Michel Audiard
49%
Maire du palais cité dans la chanson précédente, connu pour sa victoire contre les Sarrasins à la bataille de Poitiers en 732. Il y est aussi fait référence dans la chanson. Charles Martel
46%
Complétez ce titre d'une chanson interprétée par Michel Sardou : "Ils ont le _____ mais c'est tout". Pétrole
46%
Ville du Mali où le narrateur de la chanson "Le Temps des colonies" tua des panthères sur le fleuve Niger. Tombouctou
39%
Film de guerre de René Clément dans lequel Michel Sardou joue le rôle d'un jeune résistant aux côtés de Kirk Douglas et Orson Welles entre autres. Paris brûle-t-il ?
36%
Quotidien français qui publia au sujet de la chanson "Le Temps des colonies" : « Le fascisme n’est pas passé et Sardou va pouvoir continuer à sortir ses sinistres m**** à l’antenne ». Libération
32%
Capitales d'Afrique de l'Ouest citées par Michel Sardou dans la chanson "Le Temps des colonies". Conakry
29%
Réalisateur du téléfilm "L'Irlandaise" avec Michel Sardou dans le rôle principal en 1993. Il est également connu pour "La Scoumoune" avec Jean-Paul Belmondo. José Giovanni
5%
Actrice qui donne la réplique à Michel Sardou dans le film "L'Été de nos quinze ans" sorti en 1983 et réalisé par Marcel Jullian. Deux ans plus tôt, cette actrice était à l'affiche du film "Le Professionnel" pour son rôle d'Alice Ancelin aux côtés de Jean-Paul Belmondo. Cyrielle Clair
3%
Aucun quiz correspondant
Distribution des résultats
% des personnes avec chaque résultat
Percentile par nombre de réponses
Votre historique - résultats
Vous n’avez pas pris ce quiz